000 00430nam a2200133Ia 4500
005 20260127115149.0
050 _aQ334 .I58/
245 0 _aInternational Journal of Computing and Artificial Intelligence
250 _aVol. 6, No. 1
260 _c2025
300 _a75p. :ill. ; 30 cm.
650 _aIntelligence artificielle--Périodiques Informatique douce--Périodiques Artificial intelligence Soft computing
942 _cSR
_2lcc
999 _c44056
_d44056